| 000 | 00475nam a22001577a 4500 | ||
|---|---|---|---|
| 008 | 230406b |||||||| |||| 00| 0 eng d | ||
| 040 |
_aNational Science Library _cNational Science Library |
||
| 080 |
_a338:36(540) _bK2 |
||
| 100 |
_aEpstein, T S _96480 |
||
| 245 | _aEconomic development and social change in South India | ||
| 260 |
_aBombay; _bOxford University Press, _c1962 |
||
| 300 | _axvi, 353p. | ||
| 650 | _aEconomic | ||
| 653 | _aSouth India | ||
| 942 |
_2udc _cBK |
||
| 999 |
_c19328 _d19328 |
||